000 00227nam a2200109Ia 4500
100 _aSharman/ J/C.
942 _cBK
654 _aMaching forging.
245 _aDrop
260 _bMachinery Publication
_c2001
546 _aENGLISH
999 _c19980
_d19980